000 00258nam a22001097a 4500
999 _c260986
_d260985
020 _a9780545072243
100 _aMike Thaler
245 _aThe Summer Vacation from the Black Lagoon
260 _aNew York
_bScholastic
_c2010
300 _a62 pgs
942 _cBK